Bienvenue au Catalogue en Ligne des Bibliothèques de l'Universite du Burundi

L'hydrologie (Record no. 27371)

000 -GUIDE
Champ de contrôle de longueur fixe 00858nam a22002537a 4500
003 - IDENTITÉ DU NUMÉRO DE CONTRÔLE
Champ de contrôle BI-BuBU
008 - ÉLÉMENTS DE LONGUEUR FIXE - RENSEIGNEMENTS GÉNÉRAUX
Champ de contrôle de longueur fixe 140408s1974 fr ||||dr|||| 000 0 fre d
037 ## - SOURCE D'ACQUISITION
Source d'acquisition et du numéro d'inventaire Dons divers
039 ## - NIVEAU DE CONTRÔLE BIBLIOGRAPHIQUE ET HISTORIQUE D'ENCODAGE [OBSOLETE]
Date creation 20140408094940.0
Nom catalographe Anesie Nizigiyimana
040 ## - SOURCE DU CATALOGAGE
Organisme qui a effectué le catalogage original BI-BuBU
Code de la langue utilisée dans le catalogage fre
Organisme qui a effectué la transcription BI-BuBU
080 ## - INDICE DE LA CLASSIFICATION DÉCIMALE UNIVERSELLE (CDU)
Indice de la Classification décimale universelle 615.79
100 13 - VEDETTE PRINCIPALE - NOM DE PERSONNE
Code de relation aut
Nom de personne Guyot, Charles
245 13 - MENTION DU TITRE
Titre L'hydrologie
Mention de responsabilité, etc. par Charles Guyot,...
250 ## - MENTION D'ÉDITION
Mention d'édition 3e ed.
260 ## - PUBLICATION, DIFFUSION, ETC. (ADRESSE BIBLIOGRAPHIQUE)
Lieu de publication, diffusion, etc. Paris
Nom de l'éditeur, diffuseur, etc. Presses Universitaires de France
Date of publication, distribution, etc 1974
300 ## - DESCRIPTION MATÉRIELLE
Collation 124 p.
Dimensions 18 cm.
440 #0 - MENTION DE COLLECTION / VEDETTE SECONDAIRE DE TITRE
Titre Que sais-je?
Nom de la partie/section du document Le point des connaissances actuelles
Numéro de volume et/ou désignation d'ordre séquentiel 884
9 (RLIN) 89171
504 ## - NOTE DE BIBLIOGRAPHIE ET INDEX.
Note de bibliographie et index. Bibliogr.
650 #7 - VEDETTE-MATIÈRE - NOM COMMUN
Source du terme BI-BuBU
Vedette de sujet ou vedette comportant un nom géographique Hydrologie
9 (RLIN) 89172
655 #7 - TERME D'INDEXATION - GENRE OU FORME
Source du terme BI-BuBU
Données ou terme dominant sur le genre ou la forme Book
9 (RLIN) 89170
942 ## - ÉLÉMENTS D'ENTRÉE ADDITIONNELLE (KOHA)
Source de la classification ou du système de rangement
Type d item koha BOOK
Holdings
Statut de retrait Statut de perte Source de la classification ou du système de rangement Statut de déterioration Exclu du prêt Numéro d item Koha Localisation permanente Localisation actuelle Date d'acquisition Source d'acquisition Nombre de prêts Cote Code-barres Date last seen Numéro d'exemplaire Prix en vigueur à partir du Type d item koha
          39855 Bibliothèque du Campus Kiriri Bibliothèque du Campus Kiriri 08/04/2014 Dons divers   615.79 GUY.1974 5070000035826 08/04/2014 1 08/04/2014 BOOK
© 2019-2026 - Bibliothèques de l'Université du Burundi |Tous droits réservés
home | Pour toute information urgente Contactez nous | tel whatsupp: +25779204313